| 000 | 00507cam a22001097a 4500 | ||
|---|---|---|---|
| 008 | 180718b-- xxu||||| |||| 00| 0 eng d | ||
| 082 | _aL242x54 M/G | ||
| 245 |
_aGift tax manual _cby Research, Statistics, Publications and Public Relations, Directorate of Income Tax |
||
| 260 |
_aNew Delhi _bResearch, Statistics, Publications and Public Relations, Directorate of Income Tax _c-- |
||
| 500 | _aLibrary has 1993 | ||
| 700 | _aIndia. Directorate of Income Tax. Research, Statistics, Publications and Public Relations | ||
| 999 |
_c476610 _d476610 |
||